[Event "Kieler Open 2015 Gruppe A"]
[Site "Kiel"]
[Date "2015.07.26"]
[Round "3.29"]
[White "Lorenzen, Jan-Hendrik"]
[Black "Bosselmann, Tom Linus"]
[Result "1/2-1/2"]
[WhiteElo "2018"]
[BlackElo "1701"]
[PlyCount "34"]
[EventDate "2015.??.??"]

1. g3 Nf6 2. Bg2 d5 3. c4 e6 4. Nf3 c6 5. O-O Nbd7 6. cxd5 cxd5 7. d4 Be7 8.
Nc3 O-O 9. Bf4 Nh5 10. Bd2 Nhf6 11. Rc1 a6 12. Na4 b5 13. Nc5 Nxc5 14. dxc5 Ne4
15. b4 Bf6 16. Ne1 Qe7 17. Qc2 Rd8 1/2-1/2

[Event "Kieler Open 2015 Gruppe A"]
[Site "Kiel"]
[Date "2015.07.26"]
[Round "3.30"]
[White "Janse, Sebastian"]
[Black "Weber, Benedikt"]
[Result "1/2-1/2"]
[WhiteElo "1686"]
[BlackElo "2009"]
[PlyCount "139"]
[EventDate "2015.??.??"]

1. e4 c5 2. Nc3 e6 3. f4 a6 4. Nf3 Nc6 5. g3 d5 6. Bg2 Be7 7. O-O Nf6 8. d3 b5
9. e5 Nd7 10. Kh1 Bb7 11. d4 cxd4 12. Nxd4 Nxd4 13. Qxd4 Qb6 14. Qxb6 Nxb6 15.
Nd1 Rc8 16. c3 b4 17. cxb4 Bxb4 18. Ne3 O-O 19. a3 Bc5 20. b4 Bd4 21. Rb1 Rxc1
22. Rfxc1 Bxe3 23. Rc7 Bc8 24. Rb3 Na8 25. Rc6 Bb7 26. Rd6 Bb6 27. b5 a5 28.
Rc3 Rd8 29. h3 Rxd6 30. exd6 Kf8 31. d7 Ke7 32. Rc8 Kxd7 33. Rb8 Kc7 34. Rf8
Bd4 35. Rxf7+ Kb6 36. a4 Nc7 37. f5 exf5 38. Rxf5 Bc8 39. Rf8 Bb7 40. Rf7 Bf6
41. g4 {=} 41... d4 42. Rd7 Bxg2+ 43. Kxg2 Na8 44. Kf3 Kc5 45. Ra7 Nb6 46. Rxa5
d3 47. Ra6 Bd4 48. a5 Kxb5 49. Rxb6+ Bxb6 50. axb6 Kxb6 51. Ke3 Kc5 52. Kxd3
Kd5 53. Ke3 Ke5 54. Kf3 h6 55. Ke3 g5 56. Kf3 Kd4 57. Kg3 Ke3 58. h4 Ke4 59.
hxg5 hxg5 60. Kg2 Kf4 61. Kf2 Kxg4 62. Kg2 Kf4 63. Kf2 Ke4 64. Kg3 Kf5 65. Kf3
g4+ 66. Kg3 Kg5 67. Kg2 Kf4 68. Kf2 g3+ 69. Kg2 Kg4 70. Kg1 1/2-1/2

[Event "Kieler Open 2015 Gruppe A"]
[Site "Kiel"]
[Date "2015.07.26"]
[Round "3.32"]
[White "Sommer, Stefan"]
[Black "Rosenkranz, Bernd-Christian"]
[Result "1-0"]
[WhiteElo "1729"]
[BlackElo "1708"]
[PlyCount "87"]
[EventDate "2015.??.??"]

1. e4 c6 2. d4 d5 3. e5 Bf5 4. f4 e6 5. Nf3 h5 6. Bd3 Bxd3 7. Qxd3 Qa5+ 8. c3
Qa6 9. Qc2 g6 10. Be3 Nh6 11. Nbd2 Nd7 12. b4 Nf5 13. Kf2 Be7 14. g3 b5 15. a4
Qb7 16. a5 a6 17. h3 {=} 17... O-O-O 18. Rae1 h4 19. g4 Ng3 20. Rh2 f5 21. exf6
Nxf6 22. Ng5 Nxg4+ 23. hxg4 Bxg5 24. Qxg6 Be7 25. Qxe6+ Qd7 26. Qxd7+ Rxd7 27.
f5 Bd6 28. Rh3 Rf7 29. Kf3 Kd7 30. Bf2 Nxf5 31. gxf5 Rxf5+ 32. Ke2 Re8+ 33. Be3
Bg3 34. Rf1 Rg5 35. Rf7+ Kd6 36. Kd3 Rgg8 37. Nb3 Ke6 38. Rh7 Kf5 39. Rf7+ Kg4
40. Rh1 Rh8 41. Nc5 Rxe3+ 42. Kxe3 Re8+ 43. Kd2 Rh8 44. Nd3 1-0

[Event "Kieler Open 2015 Gruppe A"]
[Site "Kiel"]
[Date "2015.07.26"]
[Round "3.33"]
[White "Werner, René"]
[Black "Rosenburg, Hauke"]
[Result "1-0"]
[WhiteElo "1885"]
[BlackElo "1862"]
[PlyCount "71"]
[EventDate "2015.??.??"]
[WhiteTeam "Kieler SG"]
[BlackTeam "SF Burg"]

1. d4 d5 2. c4 Nf6 3. Nf3 e6 4. Nc3 Be7 5. Bg5 h6 6. Bh4 c6 7. Rc1 Nbd7 8. e3
O-O 9. Be2 dxc4 10. Bxc4 b5 11. Bd3 a6 12. O-O Bb7 13. Bb1 c5 14. dxc5 Bxc5 15.
Ne4 Be7 16. Nxf6+ Bxf6 17. Bg3 Rc8 18. Qd3 g6 19. Rcd1 Nc5 20. Qe2 Qb6 21. Rd6
Rc6 22. Rfd1 Na4 23. Be4 Rxd6 24. Rxd6 Qc7 25. Bxb7 Qxb7 26. b3 Nc3 27. Qd3
Nxa2 28. Ne5 Rc8 29. h4 Rc7 30. Ng4 Rc1+ 31. Kh2 Bg7 32. Rd8+ Kh7 33. Rd7 Rc3
34. Qd2 Qe4 35. Rxf7 Qxg4 36. Qd7 1-0

[Event "Kieler Open 2015 Gruppe A"]
[Site "Kiel"]
[Date "2015.07.26"]
[Round "3.34"]
[White "Schulz, Gerhard"]
[Black "Laufenburg, Frank"]
[Result "1/2-1/2"]
[WhiteElo "1858"]
[BlackElo "1746"]
[PlyCount "38"]
[EventDate "2015.??.??"]
[WhiteTeam "VT Ludwigslust"]
[BlackTeam "SC Bergen-Enkheim"]

1. d4 d5 2. Nf3 Nf6 3. e3 c6 4. Bd3 Bg4 5. Nbd2 e6 6. c3 Bd6 7. e4 dxe4 8. Nxe4
Nxe4 9. Bxe4 Nd7 10. O-O Qc7 11. h3 Bh5 12. Re1 O-O-O 13. a4 a5 14. Bd3 Bf4 15.
Bxf4 Qxf4 16. Re3 Nf6 17. Qc2 Bxf3 18. Rxf3 Qc7 19. Re1 h6 1/2-1/2

[Event "Kieler Open 2015 Gruppe A"]
[Site "Kiel"]
[Date "2015.07.26"]
[Round "3.35"]
[White "Karlisch, Moritz"]
[Black "Millgramm, Stephan"]
[Result "1-0"]
[WhiteElo "1722"]
[BlackElo "1846"]
[PlyCount "87"]
[EventDate "2015.??.??"]
[WhiteTeam "SK Doppelbauer Kiel"]
[BlackTeam "Flensburger SK"]

1. d4 Nf6 2. Bg5 e6 3. e4 Be7 4. e5 Nd5 5. Bxe7 Qxe7 6. c4 Nb6 7. Nf3 O-O 8.
Bd3 Nc6 9. O-O Nb4 10. Be2 d5 11. a3 Na6 12. c5 Nd7 13. Nbd2 c6 14. Qa4 Nc7 15.
b4 a6 16. Bd3 f5 17. exf6 Qxf6 18. Rfe1 g5 19. Re2 g4 20. Ne5 Nxe5 21. dxe5 Qf7
22. Qc2 Bd7 23. Nb3 Be8 24. Re3 h5 25. Rf1 Qf4 26. Qe2 Kg7 27. h3 Bg6 28. Bxg6
Kxg6 29. Rg3 Kf5 30. hxg4+ hxg4 31. Rd1 Rg8 32. Nd4+ Kg5 33. Rdd3 Qc1+ 34. Rd1
Qf4 35. Nf3+ Kf5 36. Nh4+ Kg5 37. Nf3+ Kf5 38. Qd3+ Qe4 39. Nd4+ Kg5 40. f4+
Qxf4 41. Rf1 Qe4 42. Qd2+ Kh5 43. Rf6 Rg6 44. Re3 1-0

[Event "Kieler Open 2015 Gruppe A"]
[Site "Kiel"]
[Date "2015.07.26"]
[Round "3.36"]
[White "Rohmann, Volker"]
[Black "Isler, Benjamin"]
[Result "1/2-1/2"]
[WhiteElo "1841"]
[BlackElo "1704"]
[PlyCount "94"]
[EventDate "2015.??.??"]
[WhiteTeam "SVG Friedrichsort"]
[BlackTeam "Flensburger SK"]

1. e4 e6 2. d4 d5 3. e5 c5 4. c3 Nc6 5. Nf3 Qb6 6. a3 Nh6 7. b4 cxd4 8. cxd4
Nf5 9. Bb2 a5 10. b5 Na7 11. Nc3 Bd7 12. Na4 Qd8 13. Qb3 Be7 14. Bd3 O-O 15.
O-O Qe8 16. Nb6 Rb8 17. a4 Nc8 18. Nxc8 Rxc8 19. Rac1 Nh6 20. Ba3 Rxc1 21. Rxc1
Bxa3 22. Qxa3 Qb8 23. b6 Rc8 24. Rc5 Rxc5 25. Qxc5 Bxa4 26. Qxa5 Bc6 27. Nd2
Qc8 28. Nb3 Kf8 29. Qc5+ Ke8 30. Na5 Nf5 31. g4 Ne7 32. f4 Bd7 33. Qc7 Qxc7 34.
bxc7 Bc6 35. f5 Kd7 36. fxe6+ fxe6 37. Bxh7 g6 38. h4 Kxc7 39. h5 gxh5 40. gxh5
Be8 41. h6 Bg6 42. Bxg6 Nxg6 43. Kf2 b6 44. Nb3 Kd7 45. Kg3 Ke8 46. Kg4 Kf7 47.
Kg5 Nf8 1/2-1/2

[Event "Kieler Open 2015 Gruppe A"]
[Site "Kiel"]
[Date "2015.07.26"]
[Round "3.37"]
[White "Kiep, Fabian"]
[Black "Eberhardt, Michael"]
[Result "1/2-1/2"]
[WhiteElo "1703"]
[BlackElo "1827"]
[PlyCount "87"]
[EventDate "2015.??.??"]
[WhiteTeam "SC Agon Neumünster"]
[BlackTeam "SC Agon Neumünster"]

1. e4 d5 2. exd5 Nf6 3. d4 Bg4 4. Be2 Bxe2 5. Nxe2 Qxd5 6. O-O Nc6 7. Nbc3 Qh5
8. Ng3 Qxd1 9. Rxd1 O-O-O 10. Nce2 e5 11. Be3 Nd5 12. dxe5 Nxe3 13. Rxd8+ Kxd8
14. fxe3 Nxe5 15. Rd1+ Kc8 16. e4 Bc5+ 17. Nd4 Rd8 18. c3 Nc6 19. Nge2 Re8 20.
Ng3 g6 21. Kf1 Ne5 22. Nc2 Ng4 23. h3 Nf2 24. Rd5 Bb6 25. e5 f5 26. exf6 Ne4
27. Nxe4 Rxe4 28. Rd2 Rf4+ 29. Ke1 Rxf6 30. Nd4 a6 31. Nf3 Bc5 32. Re2 Bd6 33.
c4 Bg3+ 34. Kd2 Bf4+ 35. Kc3 c5 36. b3 g5 37. Ne1 b6 38. Nd3 Bd6 39. Nf2 Kc7
40. Kd3 Rg6 41. Ng4 h5 42. Ne3 Kd7 43. Nd5 b5 44. cxb5 1/2-1/2

[Event "Kieler Open 2015 Gruppe A"]
[Site "Kiel"]
[Date "2015.07.26"]
[Round "3.38"]
[White "Friedel, Roland"]
[Black "Schumacher, Horst"]
[Result "0-1"]
[WhiteElo "1691"]
[BlackElo "1815"]
[PlyCount "24"]
[EventDate "2015.??.??"]
[WhiteTeam "SSC Rostock"]
[BlackTeam "TuS Holtenau"]

1. d4 d5 2. Nf3 Bf5 3. e3 e6 4. c4 Nc6 5. Qb3 Rb8 6. Nc3 Nb4 7. cxd5 exd5 8. e4
dxe4 9. Ne5 Be6 10. Qd1 Qxd4 11. Qa4+ c6 12. Bf4 Bc5 0-1

[Event "Kieler Open 2015 Gruppe A"]
[Site "Kiel"]
[Date "2015.07.26"]
[Round "3.39"]
[White "Götz, Dirk"]
[Black "Wenske, Hardy"]
[Result "1-0"]
[WhiteElo "1798"]
[BlackElo "1786"]
[PlyCount "116"]
[EventDate "2015.??.??"]
[WhiteTeam "TuS Holtenau"]
[BlackTeam "Kieler SG"]

1. d4 d5 2. Nf3 Nf6 3. e3 c6 4. Nbd2 Nbd7 5. Bd3 g6 6. O-O Bg7 7. c3 O-O 8. e4
dxe4 9. Nxe4 Nxe4 10. Bxe4 Nf6 11. Bc2 Bg4 12. h3 Bxf3 13. Qxf3 Qd5 14. Qe2 Qd6
15. Re1 e6 16. a4 Rfe8 17. b4 Nd7 18. Ba3 Qc7 19. Rad1 a6 20. Bb3 Nf6 21. c4
Bf8 22. Qf3 Nh5 23. d5 cxd5 24. cxd5 Ng7 25. Rc1 Qb6 26. a5 Qb5 27. Rc7 Re7 28.
Rxe7 Bxe7 29. dxe6 f6 30. Qc3 Rd8 31. Qc7 Kf8 32. Bc4 Qc6 33. Qxe7+ Kxe7 34.
b5+ Qd6 35. Bxd6+ Rxd6 36. bxa6 bxa6 37. Rb1 Nxe6 38. Rb7+ Rd7 39. Bxa6 Nc5 40.
Rxd7+ Kxd7 41. Bb5+ Kc7 42. g4 g5 43. Kg2 Nb3 44. a6 Kb6 45. Bd3 h6 46. Kf3 Nc5
47. Ke3 Ne6 48. Ke4 Ng7 49. Kd5 h5 50. Bg6 hxg4 51. hxg4 Kxa6 52. Kd6 Kb6 53.
Ke7 Kc5 54. Kxf6 Kd4 55. Kxg7 Ke5 56. Bf5 Kf4 57. Kg6 Kf3 58. Kxg5 Kxf2 1-0

[Event "Kieler Open 2015 Gruppe A"]
[Site "Kiel"]
[Date "2015.07.26"]
[Round "3.40"]
[White "Röhl, Manfred"]
[Black "Helmich, Jörg"]
[Result "0-1"]
[WhiteElo "1826"]
[BlackElo "1704"]
[PlyCount "118"]
[EventDate "2015.??.??"]
[WhiteTeam "SK Bremen-Nord"]
[BlackTeam "Regensb. Turnerschaft"]

1. d4 f5 2. Nf3 Nf6 3. Nbd2 d6 4. e3 g6 5. c3 Bg7 6. Bc4 d5 7. Bb3 e6 8. O-O
Nc6 9. a4 O-O 10. Bc2 a5 11. b3 Ne4 12. Bb2 e5 13. c4 Nxd2 14. Qxd2 exd4 15.
exd4 Nb4 16. Bd1 dxc4 17. bxc4 c6 18. Bc3 c5 19. Rb1 cxd4 20. Nxd4 Nc6 21. Bf3
Nxd4 22. Bd5+ Ne6 23. Qe3 Bxc3 24. Qxc3 Qf6 25. Qe3 Kh8 26. Rb6 f4 27. Qb3 Qe5
28. Qd1 Qd4 29. Bxe6 Qxd1 30. Rxd1 Bxe6 31. Rxe6 Rac8 32. Re4 Rce8 33. Rde1
Rxe4 34. Rxe4 f3 35. gxf3 Rxf3 36. Re8+ Kg7 37. Re7+ Rf7 38. Re4 Kf8 39. Kf1
Re7 40. Rd4 Ke8 41. f3 Rd7 42. Re4+ Kd8 43. Ke2 Kc7 44. Ke3 Kc6 45. Re5 b6 46.
Ke4 Rd1 47. Re6+ Kc5 48. Kf4 Rd4+ 49. Kg5 Rxc4 50. Re7 Rxa4 51. Rxh7 b5 52.
Kxg6 Rf4 53. Rh3 a4 54. Kg5 Rf8 55. f4 b4 56. f5 a3 57. f6 a2 58. Rh5 a1=Q 59.
Kg6+ Kd6 0-1

[Event "Kieler Open 2015 Gruppe A"]
[Site "Kiel"]
[Date "2015.07.26"]
[Round "3.41"]
[White "GutierrezBolado, Juan Antonio"]
[Black "Riha, Peter"]
[Result "1/2-1/2"]
[WhiteElo "1669"]
[BlackElo "1787"]
[PlyCount "100"]
[EventDate "2015.??.??"]
[WhiteTeam "Spanien"]
[BlackTeam "Schleswiger SV"]

1. e4 e5 2. Nf3 Nc6 3. Bc4 Nf6 4. Ng5 d5 5. exd5 Nd4 6. c3 b5 7. Bb3 Nxb3 8.
Qxb3 Qxd5 9. Qxd5 Nxd5 10. O-O f6 11. Nf3 Bg4 12. d3 Bxf3 13. gxf3 Kf7 14. Be3
Be7 15. d4 Nxe3 16. fxe3 exd4 17. cxd4 Rhd8 18. Rd1 f5 19. Nc3 b4 20. Ne2 Rd6
21. f4 Rh6 22. Rac1 Bd6 23. Ng3 Ke6 24. Rc2 b3 25. axb3 Rb8 26. Rd3 Rf6 27. Kf2
Rff8 28. Rdc3 Rb6 29. Ne2 Rf6 30. Kf3 Rh6 31. Ng3 Rf6 32. h4 Rf8 33. Ne2 Rfb8
34. Nc1 g6 35. Rg2 Rg8 36. h5 Rbb8 37. hxg6 Rxg6 38. Rcc2 Rbg8 39. Rxg6+ Rxg6
40. Rg2 Rxg2 41. Kxg2 c5 42. dxc5 Bxc5 43. Kf3 Bb4 44. Nd3 Bd6 45. e4 fxe4+ 46.
Kxe4 Be7 47. f5+ Kf6 48. Kf4 Bd6+ 49. Kg4 h5+ 50. Kxh5 Kxf5 1/2-1/2

[Event "Kieler Open 2015 Gruppe A"]
[Site "Kiel"]
[Date "2015.07.26"]
[Round "4.1"]
[White "Dgebuadze, Alexandre"]
[Black "Baramidze, David"]
[Result "1/2-1/2"]
[WhiteElo "2490"]
[BlackElo "2596"]
[PlyCount "66"]
[EventDate "2015.??.??"]
[WhiteTeam "SC 1950 Remagen"]
[BlackTeam "SV Hockenheim"]

1. d4 Nf6 2. Nf3 e6 3. c4 d5 4. e3 Be7 5. Bd3 O-O 6. O-O dxc4 7. Bxc4 a6 8. Qe2
b5 9. Bd3 c5 10. dxc5 Nc6 11. Nbd2 Bb7 12. Nb3 Nb4 13. Bb1 Bd5 14. Nbd2 Bxf3
15. Nxf3 Bxc5 16. a3 Nc6 17. b4 Be7 18. Bb2 Rc8 19. Ng5 h6 20. Rd1 Qc7 21. Ne4
Nxe4 22. Bxe4 Ne5 23. Rac1 Qb8 24. f4 Rxc1 25. Rxc1 Nc4 26. Rxc4 bxc4 27. Qg4
g5 28. Qh5 Qd6 29. Qxh6 Qd1+ 30. Kf2 Qd2+ 31. Kf1 Qd1+ 32. Kf2 Qd2+ 33. Kf1
Qd1+ 1/2-1/2

[Event "Kieler Open 2015 Gruppe A"]
[Site "Kiel"]
[Date "2015.07.26"]
[Round "4.2"]
[White "Stopa, Jacek"]
[Black "Ernst, Thomas"]
[Result "1/2-1/2"]
[WhiteElo "2541"]
[BlackElo "2349"]
[PlyCount "58"]
[EventDate "2015.??.??"]
[WhiteTeam "Polen"]
[BlackTeam "Farsta SK"]
[WhiteTeamCountry "POL"]

1. d4 Nf6 2. c4 e6 3. Nc3 Bb4 4. f3 d5 5. a3 Bxc3+ 6. bxc3 c5 7. cxd5 Nxd5 8.
dxc5 Qa5 9. e4 Ne7 10. Be3 Qxc3+ 11. Kf2 Nbc6 12. Ne2 Qf6 13. Qc1 O-O 14. Qc3
e5 15. Rd1 Be6 16. h4 h6 17. g3 b6 18. Nc1 Rac8 19. Be2 bxc5 20. Bxc5 Nd4 21.
Nd3 Bg4 22. Bxd4 Rxc3 23. Bxc3 Nc6 24. Nb4 Nxb4 25. Bxb4 Rc8 26. Rd6 Qe7 27.
Rc6 Qb7 28. Rxc8+ Qxc8 29. Kg2 Qc2 1/2-1/2

[Event "Kieler Open 2015 Gruppe A"]
[Site "Kiel"]
[Date "2015.07.26"]
[Round "4.3"]
[White "Lanka, Zigurds"]
[Black "Bracker, Arne"]
[Result "1-0"]
[WhiteElo "2419"]
[BlackElo "2256"]
[PlyCount "91"]
[EventDate "2015.??.??"]
[WhiteTeam "TSV Schott Mainz"]
[BlackTeam "Hamburger SK"]

1. e4 e5 2. Nf3 Nc6 3. Bb5 a6 4. Ba4 Nf6 5. O-O b5 6. Bb3 Bc5 7. a4 Rb8 8. d3
h6 9. axb5 axb5 10. Nc3 d6 11. h3 O-O 12. Be3 Bxe3 13. fxe3 Be6 14. Nd5 Bxd5
15. exd5 Ne7 16. e4 Nd7 17. c3 b4 18. d4 bxc3 19. bxc3 Ng6 20. g3 Ra8 21. Rb1
Ra3 22. h4 Nf6 23. Nd2 h5 24. Nc4 Ra8 25. Qd3 Re8 26. Rbe1 Qd7 27. Rf2 Ng4 28.
Rf3 Re7 29. Ref1 Nh6 30. Bd1 Qh3 31. R3f2 Ng4 32. Bxg4 Qxg4 33. dxe5 Nxe5 34.
Nxe5 Rxe5 35. Rxf7 Rxe4 36. Rxc7 Rae8 37. Qf3 Qg6 38. Qf7+ Kh7 39. Qxg6+ Kxg6
40. Rd7 Re3 41. Rxd6+ Kh7 42. Kg2 Rxc3 43. Rf5 Re2+ 44. Kh3 g6 45. Rf7+ Kg8 46.
Rb7 1-0

[Event "Kieler Open 2015 Gruppe A"]
[Site "Kiel"]
[Date "2015.07.26"]
[Round "4.4"]
[White "Raddatz, Michael"]
[Black "Voloshin, Leonid"]
[Result "0-1"]
[WhiteElo "2011"]
[BlackElo "2417"]
[PlyCount "111"]
[EventDate "2015.??.??"]
[WhiteTeam "Niendorfer TSV"]
[BlackTeam "Jicin"]

1. e4 d6 2. Nf3 Nf6 3. c3 Nbd7 4. d3 g6 5. h3 Bg7 6. Be3 e5 7. g4 c6 8. Nbd2
Qe7 9. Qb3 Nc5 10. Qa3 b6 11. Be2 O-O 12. O-O-O Re8 13. Nc4 Be6 14. Nfd2 Bxc4
15. Nxc4 d5 16. Nd2 Ne6 17. Qxe7 Rxe7 18. g5 Ne8 19. Nf3 Nd6 20. exd5 cxd5 21.
Bd2 Rc8 22. Kb1 Nf5 23. Ne1 Nh4 24. Rg1 Rd8 25. Bg4 a5 26. Nc2 d4 27. Bxe6 Rxe6
28. cxd4 exd4 29. a4 Bf8 30. Rg4 Nf3 31. Bf4 Bc5 32. Rg3 Nh4 33. Rg4 Nf5 34.
Rgg1 Re2 35. Bg3 Kf8 36. Rde1 Rde8 37. Kc1 Nxg3 38. fxg3 Rh2 39. Rxe8+ Kxe8 40.
h4 Kf8 41. Ne1 Rf2 42. Nc2 Kg7 43. Kd1 h6 44. gxh6+ Kxh6 45. g4 Rh2 46. b3 Rxh4
47. Ne1 Rh2 48. Nf3 Rb2 49. g5+ Kg7 50. Rg4 Rxb3 51. Ne5 f6 52. gxf6+ Kxf6 53.
Re4 Kg5 54. Ke2 Rb2+ 55. Kf3 Rd2 56. Re1 0-1

[Event "Kieler Open 2015 Gruppe A"]
[Site "Kiel"]
[Date "2015.07.26"]
[Round "4.5"]
[White "Wichmann, Cliff"]
[Black "Niering, Martin"]
[Result "1-0"]
[WhiteElo "2358"]
[BlackElo "2178"]
[PlyCount "95"]
[EventDate "2015.??.??"]
[WhiteTeam "ESV Nickelhütte Aue"]
[BlackTeam "SV Magdeburg"]

1. d4 d5 2. c4 e6 3. Nf3 Nf6 4. Nc3 Be7 5. Bf4 O-O 6. e3 Nbd7 7. Rc1 c6 8. h3
b6 9. Bd3 Bb7 10. cxd5 exd5 11. O-O Re8 12. Qc2 Nf8 13. Ne5 Ne6 14. Bg3 a6 15.
Rfd1 c5 16. dxc5 Nxc5 17. Nf3 Nxd3 18. Rxd3 Qc8 19. Na4 b5 20. Nb6 Qxc2 21.
Rxc2 Ra7 22. Be5 d4 23. Rxd4 Bd8 24. Nc8 Bxc8 25. Rxc8 Bb6 26. Rxe8+ Nxe8 27.
Rd2 f6 28. Bd4 Bxd4 29. Rxd4 Kf7 30. Rd8 Rc7 31. g4 Rc1+ 32. Kg2 Rc2 33. Nd4
Rxb2 34. Rd7+ Kg8 35. Re7 Kf8 36. Ra7 Rxa2 37. Ne6+ Kg8 38. Re7 Nd6 39. Rxg7+
Kh8 40. Rd7 Kg8 41. Rxd6 b4 42. Rd7 a5 43. Rg7+ Kh8 44. Rb7 Kg8 45. Kg3 h6 46.
f3 Ra3 47. Kf4 b3 48. Kf5 1-0

[Event "Kieler Open 2015 Gruppe A"]
[Site "Kiel"]
[Date "2015.07.26"]
[Round "4.6"]
[White "Stolz, Mike"]
[Black "Krause, Jonah"]
[Result "1/2-1/2"]
[WhiteElo "2335"]
[BlackElo "2259"]
[PlyCount "52"]
[EventDate "2015.??.??"]
[WhiteTeam "SV Magdeburg"]
[BlackTeam "SV Bargteheide"]

1. e4 c6 2. d4 d5 3. exd5 cxd5 4. c4 Nf6 5. Nc3 Nc6 6. Nf3 Bg4 7. cxd5 Nxd5 8.
Qb3 Bxf3 9. gxf3 e6 10. Qxb7 Nxd4 11. Bb5+ Nxb5 12. Qc6+ Ke7 13. Qxb5 Qd7 14.
Nxd5+ Qxd5 15. Bg5+ f6 16. Qxd5 exd5 17. Be3 Ke6 18. O-O Bb4 19. Rfc1 Rhd8 20.
Bd4 Rd7 21. Rc6+ Kf5 22. Rd1 Bd6 23. Ra6 Be5 24. Ra5 Ke6 25. Ra6+ Kf5 26. Ra5
Ke6 1/2-1/2

[Event "Kieler Open 2015 Gruppe A"]
[Site "Kiel"]
[Date "2015.07.26"]
[Round "4.7"]
[White "Lindborg, Petter"]
[Black "Jahncke, Giso"]
[Result "0-1"]
[WhiteElo "2197"]
[BlackElo "2308"]
[PlyCount "104"]
[EventDate "2015.??.??"]
[WhiteTeam "Solna SchackSälsskap"]
[BlackTeam "Preetzer TSV"]

1. d4 Nf6 2. c4 g6 3. Nc3 Bg7 4. e4 d6 5. h3 O-O 6. Be3 c5 7. d5 b5 8. cxb5 a6
9. bxa6 Qa5 10. Qd2 Bxa6 11. Bxa6 Nxa6 12. Nge2 Rfb8 13. O-O Qb4 14. f3 Qxb2
15. Qxb2 Rxb2 16. Rab1 Rab8 17. Rxb2 Rxb2 18. Rb1 Rxb1+ 19. Nxb1 e6 20. Bf4
exd5 21. exd5 Bf8 22. Nec3 Nb4 23. Nb5 Nfxd5 24. Bxd6 Nxa2 25. Nd2 Nb6 26. Ne4
Bxd6 27. Nbxd6 c4 28. Nb5 Nd5 29. Na3 f5 30. Nc5 c3 31. Nc2 Ndb4 32. Nxb4 Nxb4
33. Nb3 Kf7 34. Kf2 Ke6 35. Ke3 Ke5 36. g3 Kd5 37. h4 Kc4 38. Na5+ Kb5 39. Nb3
Ka4 40. Nd4 Ka3 41. Kf4 Nc6 42. Nb5+ Kb3 43. Nxc3 Kxc3 44. g4 Ne7 45. gxf5 gxf5
46. h5 Kd4 47. Kg5 Ke5 48. f4+ Ke6 49. Kh6 Nd5 50. Kxh7 Nxf4 51. h6 Kf7 52. Kh8
Ng6+ 0-1

[Event "Kieler Open 2015 Gruppe A"]
[Site "Kiel"]
[Date "2015.07.26"]
[Round "4.8"]
[White "Plüg, Andreas"]
[Black "Saglam, Bülent"]
[Result "1-0"]
[WhiteElo "2295"]
[BlackElo "2102"]
[PlyCount "79"]
[EventDate "2015.??.??"]
[WhiteTeam "Preetzer TSV"]
[BlackTeam "SK Doppelbauer Kiel"]

1. d4 Nf6 2. Nf3 g6 3. Bf4 Bg7 4. e3 c5 5. c3 b6 6. h3 O-O 7. Nbd2 d6 8. Bh2
Bb7 9. Be2 Nc6 10. O-O Re8 11. a4 Rc8 12. Re1 d5 13. Qb3 Na5 14. Qa2 cxd4 15.
exd4 Ne4 16. Bb5 Nxd2 17. Nxd2 Bc6 18. Bd3 Bb7 19. Bb5 Bc6 20. Bf1 Bh6 21. Nf3
Nc4 22. Ne5 Nxe5 23. Bxe5 a5 24. Qb3 Bg7 25. Bf4 e6 26. g3 Bf8 27. h4 Bd6 28.
Bxd6 Qxd6 29. Qxb6 Rb8 30. Qxa5 Rxb2 31. Reb1 Reb8 32. Bb5 Rxb1+ 33. Rxb1 Bxb5
34. axb5 Rb6 35. Qa7 Kg7 36. Kg2 Qd8 37. Rb3 h6 38. c4 dxc4 39. Rf3 Kh8 40.
Rxf7 1-0

[Event "Kieler Open 2015 Gruppe A"]
[Site "Kiel"]
[Date "2015.07.26"]
[Round "4.9"]
[White "Junge, Ralph"]
[Black "Roth, Thorsten"]
[Result "1/2-1/2"]
[WhiteElo "2214"]
[BlackElo "2083"]
[PlyCount "47"]
[EventDate "2015.??.??"]
[WhiteTeam "SG Turm Kiel"]
[BlackTeam "Hannover/vereinslos"]

1. d4 d5 2. Nc3 Nf6 3. Bg5 e6 4. e4 dxe4 5. Nxe4 Be7 6. Bxf6 Bxf6 7. Ne2 O-O 8.
g3 Bd7 9. Bg2 Bc6 10. O-O g6 11. c3 Bg7 12. Nf4 Nd7 13. Qc2 e5 14. dxe5 Nxe5
15. Rfd1 Qe7 16. Qb3 Rad8 17. Nd5 Bxd5 18. Rxd5 c6 19. Rxd8 Rxd8 20. Rd1 h5 21.
h4 b6 22. Ng5 Bf6 23. Ne4 Bg7 24. Ng5 1/2-1/2

[Event "Kieler Open 2015 Gruppe A"]
[Site "Kiel"]
[Date "2015.07.26"]
[Round "4.10"]
[White "Hilbig, Dieter"]
[Black "Johansson, Thomas"]
[Result "0-1"]
[WhiteElo "2067"]
[BlackElo "2203"]
[PlyCount "66"]
[EventDate "2015.??.??"]
[WhiteTeam "ESV Gera"]
[BlackTeam "UASS Uppsala"]

1. e4 e6 2. d4 d5 3. Nc3 Bb4 4. exd5 exd5 5. Bd3 Qf6 6. a3 Bxc3+ 7. bxc3 Ne7 8.
Qf3 Bf5 9. Ne2 Nd7 10. O-O Bxd3 11. Qxf6 Nxf6 12. cxd3 Kd7 13. Ng3 Ne8 14. Re1
Nd6 15. Rb1 b6 16. Bg5 f6 17. Bd2 h5 18. Re2 h4 19. Rbe1 Rae8 20. Nf1 Nef5 21.
Ne3 Nxe3 22. Rxe3 Rxe3 23. fxe3 f5 24. a4 c5 25. dxc5 bxc5 26. Rb1 Kc6 27. Kf1
c4 28. Ke2 h3 29. g3 g6 30. dxc4 Nxc4 31. Be1 Re8 32. Bf2 g5 33. Kf3 Nd2+ 0-1

[Event "Kieler Open 2015 Gruppe A"]
[Site "Kiel"]
[Date "2015.07.26"]
[Round "4.11"]
[White "Schnitzer, Peter"]
[Black "Koop, Sören"]
[Result "1/2-1/2"]
[WhiteElo "2178"]
[BlackElo "2070"]
[PlyCount "43"]
[EventDate "2015.??.??"]
[WhiteTeam "SC Kreuzberg"]
[BlackTeam "SC Wrist-Kellinghusen"]

1. e4 e5 2. Nf3 Nc6 3. Bb5 a6 4. Ba4 Nf6 5. O-O Nxe4 6. d4 b5 7. Bb3 d5 8. dxe5
Be6 9. Nbd2 Nc5 10. c3 Be7 11. Bc2 O-O 12. Nb3 Qd7 13. Re1 Rad8 14. Nfd4 Nxb3
15. axb3 Nxd4 16. Qxd4 c5 17. Qd3 g6 18. Bh6 Rfe8 19. Rxa6 Ra8 20. Rea1 Rxa6
21. Rxa6 d4 22. cxd4 1/2-1/2

[Event "Kieler Open 2015 Gruppe A"]
[Site "Kiel"]
[Date "2015.07.26"]
[Round "4.12"]
[White "Magnussen, Helge"]
[Black "Petri, Alexander"]
[Result "1-0"]
[WhiteElo "2054"]
[BlackElo "2167"]
[PlyCount "109"]
[EventDate "2015.??.??"]
[WhiteTeam "Elmshorner SC"]
[BlackTeam "SK Doppelbauer Kiel"]

1. d4 d5 2. c4 c6 3. Nf3 Nf6 4. e3 e6 5. Qc2 Bd6 6. b3 Nbd7 7. Bb2 Ne4 8. Nbd2
f5 9. Ne5 Nxe5 10. Nxe4 Nxc4 11. Nxd6+ Nxd6 12. Bd3 Qa5+ 13. Bc3 Qc7 14. O-O
O-O 15. f3 Bd7 16. Bb4 a5 17. Be1 Ne8 18. b4 b6 19. bxa5 bxa5 20. Bg3 Qa7 21.
Be5 Nc7 22. Qf2 c5 23. dxc5 Bb5 24. Qg3 Rf7 25. Bxb5 Nxb5 26. a4 Nc7 27. Rfc1
Rc8 28. Rab1 Na6 29. Rb6 Rxc5 30. Rxc5 Nxc5 31. Rc6 Nd3 32. Bd4 Qb7 33. Rb6 Qe7
34. h3 e5 35. Rb8+ Rf8 36. Rxf8+ Kxf8 37. Bc3 f4 38. Qg4 g6 39. Qc8+ Kf7 40.
exf4 Nxf4 41. Kh2 d4 42. Bxa5 h5 43. Bd2 Qa7 44. a5 d3 45. a6 Kf6 46. Bxf4 exf4
47. Qc6+ Kg5 48. Qd5+ Kh4 49. Qe4 Kg5 50. Qxd3 Qf2 51. Qe4 Qa2 52. Qe7+ Kh6 53.
a7 Qa1 54. Qf8+ Kh7 55. a8=Q 1-0

[Event "Kieler Open 2015 Gruppe A"]
[Site "Kiel"]
[Date "2015.07.26"]
[Round "4.13"]
[White "Hoffmann, Hendrik"]
[Black "Keller, Harald"]
[Result "1/2-1/2"]
[WhiteElo "2159"]
[BlackElo "2041"]
[PlyCount "83"]
[EventDate "2015.??.??"]
[WhiteTeam "SG Leipzig"]
[BlackTeam "SV Rottweil"]

1. e4 Nf6 2. e5 Nd5 3. Nc3 Nxc3 4. bxc3 d5 5. f4 Bf5 6. Nf3 e6 7. d4 Be7 8. Bd3
Bxd3 9. Qxd3 b6 10. O-O Nc6 11. f5 Na5 12. Bf4 Nc4 13. Nd2 Nxd2 14. Bxd2 Qd7
15. fxe6 Qxe6 16. Rf3 O-O 17. Raf1 Qg6 18. Rf5 f6 19. e6 Bd6 20. Qb5 Rad8 21.
Rxd5 Rfe8 22. Qb3 Rxe6 23. Rxd6 Rdxd6 24. Bf4 Qf7 25. Bxd6 Rxd6 26. Re1 Kf8 27.
Qa3 a5 28. h3 Qd5 29. Qb3 Qc6 30. Re3 Qd7 31. Qc4 Qc6 32. Qd3 g6 33. Qe2 Qd7
34. Qf3 Kf7 35. Qf4 Re6 36. Rf3 Qe7 37. Qh6 Kg8 38. Qd2 Kg7 39. Kf2 Qe8 40. c4
Qe7 41. Rd3 Re4 42. a3 1/2-1/2